Bäck Manci-fotókat keres a múzeum kiállítás az újra felfedezett szegedi fotográfusnő munkáiból /
Elmentve itt :
| Szerző: | |
|---|---|
| Dokumentumtípus: | Cikk |
| Megjelent: |
2005-01-21
|
| Sorozat: | Délmagyarország
95 No. 17 |
| Kulcsszavak: | Bäck Manci 1891-1938, Szeged, Fotóművészet Szeged |
| Online Access: | http://dmarchiv.bibl.u-szeged.hu/134156 |
| LEADER | 00562nab a2200157 i 4500 | ||
|---|---|---|---|
| 001 | delm134156 | ||
| 005 | 20191211142548.0 | ||
| 008 | 191211s2005 hu o 0|| hun d | ||
| 040 | |a SZTE Délmagyarország Archívum |b hun | ||
| 041 | |a hun | ||
| 100 | 1 | |a Bäck Manci | |
| 245 | 1 | 0 | |a Bäck Manci-fotókat keres a múzeum |h [elektronikus dokumentum] : |b kiállítás az újra felfedezett szegedi fotográfusnő munkáiból / |c Bäck Manci |
| 260 | |c 2005-01-21 | ||
| 300 | |a 6 | ||
| 490 | 0 | |a Délmagyarország |v 95 No. 17 | |
| 695 | |a Bäck Manci 1891-1938, Szeged, Fotóművészet Szeged | ||